On reading prophetic texts : (Record no. 46372)
[ view plain ]
| 000 -LEADER | |
|---|---|
| fixed length control field | 00755nam a2200181Ia 4500 |
| 008 - FIXED-LENGTH DATA ELEMENTS--GENERAL INFORMATION | |
| fixed length control field | 230823s9999 xx 000 0 und d |
| 020 ## - INTERNATIONAL STANDARD BOOK NUMBER | |
| International Standard Book Number | 97890041027439004102744 |
| 041 ## - LANGUAGE CODE | |
| Language code of text/sound track or separate title | eng |
| 050 ## - LIBRARY OF CONGRESS CALL NUMBER | |
| Classification number | BS1286 |
| Item number | .O5 1996 |
| 245 #0 - TITLE STATEMENT | |
| Title | On reading prophetic texts : |
| Remainder of title | gender-specific and related studies in memory of Fokkelien van Dijk-Hemmes / |
| Statement of responsibility, etc. | edited by Bob Becking and Meindert Dijkstra |
| 260 ## - PUBLICATION, DISTRIBUTION, ETC. | |
| Place of publication, distribution, etc. | Leiden ; New York : |
| Name of publisher, distributor, etc. | E. J. Brill, |
| Date of publication, distribution, etc. | 1996 |
| 300 ## - PHYSICAL DESCRIPTION | |
| Extent | xiii, 295 p. : |
| Other physical details | ill. ; |
| Dimensions | 25 cm. |
| 490 ## - SERIES STATEMENT | |
| Series statement | Biblical interpretation series, |
| Volume/sequential designation | 18 |
| 650 ## - SUBJECT ADDED ENTRY--TOPICAL TERM | |
| Topical term or geographic name entry element | Dijk Hemmes, Fokkelien van.Bible. Prophets Criticism, interpretation, etc.Bible. Old Testament Criticism, interpretation, etc. |
| 700 ## - ADDED ENTRY--PERSONAL NAME | |
| Personal name | Becking, Bob |
| 700 ## - ADDED ENTRY--PERSONAL NAME | |
| Personal name | Dijkstra, Meindert |
No items available.